000 00225nam a22001097a 4500
003 OSt
008 250106b |||||||| |||| 00| 0 eng d
041 _aeng
100 _aNarayanan, RK
_96785
245 _aThe Guide
942 _cBK
999 _c18940
_d18940